000 01525nam0a2200397 4500
001 RU\NLR\bibl\1042523
005 20250615031450.0
010 _a5-484-00938-3
021 _aRU
_b2006-84262
_94265
035 _a(nilc)RSL-KNO-003014296
035 _a(NLR Aleph) 001029911
090 _a751957
_c751957
100 _a20061222d2007 |||y0rusy50 ca
101 0 _arus
102 _aRU
105 _aa zzzz|||||
106 _ar
200 1 _aВсемирная история физики
_eс древнейших времен до конца XVIII века
_fЯ. Г. Дорфман
205 _aИзд. 2-е, стер.
210 _aМосква
_cURSS
_cКомКнига
_d2007
_eМ.
_gЛЕНАНД
215 _a350, [1] с.
_cил., табл., факс.
_d22
300 _aНа 4-й с. обл. авт.: Я.Г. Дорфман - д.ф.-м.н.
313 _aПредыдущее издание 1974г.
320 _aБиблиогр. в подстроч. прим.
320 _aИмен. указ.: с. 348-350
606 1 _aФизика
_xИстория
_91122359
_3RU\NLR\auth\66125052
610 0 _aФизико-математические науки -- Физика -- История физики
686 _aВ3г(0),0
_2rubbk
686 _aВ3г(0)
700 1 _aДорфман
_bЯ. Г.
_f1898-1974
_gЯков Григорьевич
_4070
801 0 _aRU
_bРКП
_c20061222
_grcr
801 1 _aRU
_bРГБ
_c20061222
801 2 _aRU
_bNLR
_c20070208
_grcr
942 _cBOOK
980 _aNB